Farinelli, voce regina : dal film di Gérard Corbiau /

محفوظ في:
التفاصيل البيبلوغرافية
المؤلف الرئيسي: Corbiau, Andrée (مؤلف)
مؤلفون آخرون: Prato Caruso, Leonella (المترجم)
التنسيق: كتاب
اللغة:الإيطالية
منشور في: Parma : Guanda, 1995
سلاسل:Narratori della fenice
الموضوعات:
الوسوم: إضافة وسم
لا توجد وسوم, كن أول من يضع وسما على هذه التسجيلة!

MARC

LEADER 00000nam a22000007i 4500
001 IT\ICCU\LO1\0361278
003 ItRI
005 20260115231929.0
008 950424s1995 it |||||| ||||| |||||c
020 |a 8877468041 
040 |b ita  |c importazione bologna sebina 
041 7 |a ita  |2 ISO-639-2 
082 |a 843.914  |9 NARRATIVA FRANCESE. 1945-  |2 19 
100 1 |a Corbiau, Andrée  |0 IT\ICCU\LO1V\145553  |4 aut 
240 1 0 |a Farinelli il castrato.  |3 IT\ICCU\LO1\0363009  |9 Corbiau, Andrée 
245 1 0 |a Farinelli, voce regina :  |b dal film di Gérard Corbiau /  |c Andrée Corbiau ; traduzione di Leonella Prato Caruso. 
260 |a Parma :  |b Guanda,  |c 1995 
300 |a 157 p. ;  |c 21 cm. 
650 7 |a Broschi, Carlo  |2 scbi 
700 1 |a Prato Caruso, Leonella  |0 IT\ICCU\CFIV\018943  |4 trl 
790 1 |a Caruso Prato, Leonella  |3 IT\ICCU\BVEV\003151  |z Prato Caruso, Leonella 
790 1 |a Caruso, Leonella Prato  |3 IT\ICCU\UTOV\567106  |z Prato Caruso, Leonella 
830 0 |a Narratori della fenice  |0 IT\ICCU\ANA\0226784 
942 |2 ddc  |c BK  |n 0 
952 |0 0  |1 0  |4 0  |6 DOC_843_914000000000000_COR  |7 0  |9 16893  |a BO  |b BO  |d 2026-01-15  |i 3399  |l 0  |o DOC 843.914 COR  |p BO3399  |r 2026-01-15 23:19:29  |w 2026-01-15  |x [Sebina 5] [1 v.]  |y BK  |z 1 v. 
999 |c 14430  |d 14430